000 00424nam a2200181Ia 4500
001 4325
005 20260306145747.0
008 260306t2000||||xx |||||||||||||| ||spa||
041 _aESP
082 _a320.9
_bS12
100 _aSabine, George H.
_eAUT
245 0 _aHistoria de la teoría política
260 _c2000
300 _a697 páginas :
_c23 cm.
650 _aGEN
654 _aCDE
942 _cLIB
_dJUS
_fJUS
_2ddc
_n
999 _c4325
_d4325